01241cam a22003494i 4500003000900000005001700009008004100026020001500067020001800082035002700100040003700127080001200164082002000176110004600196245010100242250004100343264003100384300005500415336002100470337002500491338002300516490002700539505022300566526000900789526000900798526000800807526000800815526000800823541001600831650001600847650002800863PE-LiUPU20250731183350.0140430s2013 ck r 000 0 spadd a9588269687 a9789588269689 a(Sirsi) i9789588269689 aSPSFMbspacSPSFMdPE-LiUPUerda a796.32304a796.323bF32211 aFederación Internacional de Baloncesto.10aReglas oficiales de baloncesto y libro de casos :baprobadas por el Comité Central de la FIBA. aTercera edición actualizada: 2013. aArmenia :bKinesis,c2013. a204 páginas :bilustraciones ;c21 centímetros. atext2rdacontent aunmediated2rdamedia avolume2rdacarrier0 aReglamentos deportivos0 aEl juego -- Pista y equipamiento -- Los equipos -- Reglamentación del juego -- Violaciones -- Faltas -- Disposiciones generales -- Árbitros, oficiales de mesa, comisario: obligaciones y derechos -- Libros de casos. aP158 aP146 aP17 aP12 aP06 g001-003166; 4aBaloncesto. 4aReglamentos deportivos.